000 00622nam a2200217Ia 4500
005 20250923145126.0
008 008 250917s9999 xx 000 0 eng d
037 _aTextual
040 _aDSWL
_beng
_cDSWL
041 _aeng
_2eng
084 _aSogy:439.2'N64, N67
_qDSWL
100 _aChatterjee, B.B.
_9832009
245 0 _aRiots in rourkela
_cby B.B. Chatterjee
260 _aNew Delhi
_b Popular Book Service
_c1967
300 _a309 p.
365 _aINR
_b16
700 _aP.N. Singh
_9832010
925 _g16
942 _cTEXL
_hSogy:439.2'N64, N67
999 _c1447453
_d1447453